01832cam a22003255i 4500999001700000003000900017005001700026008004100043020001800084040004300102082002000145100004000165245010700205250001900312264008600331300004600417336002600463337002800489338002700517500002400544500002300568520060700591650003801198650003101236650003601267651001001303653002501313942001201338952015601350 c23045d23017EG-ScBUE20200204095033.0161107s2015 mau f d 001 0 eng d a9781138016460 aEG-ScBUEbengerdacEG-ScBUEdEG-ScBUE04a808.23bKIR2221 aKirkpatrick, Scott,eauthor.93166810aWriting for the green light :bhow to make your script the one Hollywood notices /cScott Kirkpatrick. aFirst edition. 1aBurlington, MA. ;aAbingdon, Oxon :bFocal Press / Taylor & Francis Group,c2015. aviii, 191 pages :billustrations ;c23 cm atextbtxt2rdacontent aunmediatedbn2rdamedia avolumebnc2rdacarrier aIndex : p. 185-190. aIncludes glossary. aTailor your screenplay to sell. Find out what Hollywood script readers, producers, and studio executives want in a screenplay (and why) from someone who's been there. Discover what it takes to begin a lasting career as a screenwriter. Peppered with interviews from established professionals, Writing for the Green Light: How to Make Your Script the One Hollywood Notices gives you a sharp competitive edge by showcasing dozens of everyday events that go on at the studios but are rarely if ever discussed in most screenwriting books. With his behind-the-scenes perspective, Scott Kirkpatrick shows you. 7aMotion picture authorship.2BUEsh 7aPlaywriting.2BUEsh933116 7aDramaxTechnique.2BUEsh939765 2BUEsh bCOMAMEcNovember2016 2ddccBB 00102ddc40708BaccahaMAINbMAINc2NDd2016-11-07ePurchaseg285.00h25840l2m4o808.23 KIRp000045216r2025-07-15 00:00:00s2019-11-19v356.25yBB